000 00734nam a22001817a 4500
003 JO-AjAnu
005 20240326110715.0
008 240326b jo ||||| |||| 00| 0 ara d
040 _aJO-AjAnu
_cJO-AjAnu
041 0 _aara
100 1 _aسمارة، احسان عبد المنعم عبد الهادي
_965151
_eمؤلف
245 2 0 _aالادارة والقضاء الاداري في الاسلام /
_cتأليف احسان عبد المنعم عبد الهادي سمارة
250 _aالطبعة الاولى
260 _aعمان :
_bدار يافا العلمية ،
_c2000
300 _a264 صفحة
650 7 0 _aالنظام الاردني - القضاء الاردني - الاسلام
_965155
942 _2lcc
_cBK
_n0
999 _c33360
_d33360